000 01094cam a22003254a 4500
003 EG-GICUC
005 20260210101312.0
008 050510s2005 nyu fr 001 0 eng d
020 _a1587787814
020 _a9781587787812
040 _aDLC
_cDLC
_dDLC
_dEG-GICUC
_beng
_erda
050 0 0 _aKZ6374
_b.O226 2005
082 0 0 _a341.6
_221
092 0 4 _221
099 _aLaw 11 2005
100 1 _aO'Connell, Mary Ellen,
_d1958-
245 1 0 _aInternational law and the use of force :
_bcases and materials /
_cby Mary Ellen O'Connell.
264 _aNew York :
_bFoundation Press/Thomson West,
_c2005.
300 _axxv, 618 pages ;
_c27 cm. +
_eteacher's manual (150 page ; 26 cm.)
336 _atext
_2rdacontent
337 _aComputer
_2rdamedia
338 _aOnline Resource
_2rdacarrier
440 0 _aUniversity casebook series
500 _aIncludes index.
650 0 _aIntervention (International law)
_vCases.
650 0 _aAggression (International law)
_vCases.
856 4 0 _uhttps://fll.law.cu.edu.eg/fulltext/bks/9781587787812.pdf
905 _a10
942 _2ddc
_cBK
_e21
_n0
999 _c62357
_d62357